| 000 | 01035nam a22003017a 4500 | ||
|---|---|---|---|
| 001 | 7721 | ||
| 003 | FISKH | ||
| 005 | 20250801101907.0 | ||
| 008 | 250801b cb ||||| |||| 00| 0 eng d | ||
| 020 | _a9780006646570 | ||
| 040 |
_aFISKH _beng _cFISKH _dFISKH |
||
| 050 | _aPZ7.M4784177 W | ||
| 082 | _a823.914 | ||
| 100 | _aMacDonald, Elizabeth | ||
| 245 |
_aThe wolf is coming ! / _cBy Elizabeth MacDonald and Ken Brown |
||
| 250 | _aFirst published in Picture Lions in 1999 | ||
| 260 |
_aLondon : _bHarper Collins Publishers , _c1997. |
||
| 300 |
_a32 unnumbered pages : _bcolor illustrations ; _c25 cm . |
||
| 505 | _aK | ||
| 520 | _aRunning through the farmyard looking for a place to hide from the wolf, a father rabbit creates enough commotion to protect all the animals on the farm. | ||
| 521 | 8 |
_a510
_bLexile estimate |
|
| 521 | 8 |
_aK
_bRaz-Plus |
|
| 650 |
_aFarm animals _vFiction |
||
| 650 |
_aScared _vFiction |
||
| 700 |
_aBrown, Ken _eIllustrator |
||
| 942 |
_2ddc _cBK _n0 |
||
| 999 |
_c7721 _d7721 |
||